La place de l'homme dans la nature: le groupe zoologique humain
Saved in:
| Hovedforfatter: | |
|---|---|
| Format: | Bog |
| Sprog: | fransk |
| Udgivet: |
París
Union Générale d'Editions
1956
|
| Udgivelse: | 1a. ed |
| Serier: | Les Grandes Textes Philosophiques, 1018
|
| Fag: | |
| Tags: |
Tilføj Tag
Ingen Tags, Vær først til at tagge denne postø!
|
MARC
| LEADER | 00000cam a2200000 a 4500 | ||
|---|---|---|---|
| 001 | UCD4930 | ||
| 003 | CL-VaPUC | ||
| 008 | 160731e19560000fr |||||||||||||||||fre|d | ||
| 082 | 0 | 4 | |a 573.2 |b TEI |2 21 |
| 100 | 0 | |a Teilhard de Chardin, Pierre |e author |9 315457 | |
| 245 | 1 | 3 | |a La place de l'homme dans la nature: le groupe zoologique humain |
| 250 | |a 1a. ed | ||
| 300 | |a 187 p | ||
| 942 | |c BK | ||
| 945 | |d 20160731 21:25:00 |a dcastane | ||
| 260 | |a París |b Union Générale d'Editions |c 1956 | ||
| 650 | 0 | |a Antropología filosófica |9 265842 | |
| 650 | 0 | |a Educación |9 258661 | |
| 650 | 0 | |a Biología |9 262022 | |
| 650 | 0 | |a Seres humanos |9 313276 | |
| 650 | 0 | |a Evolución |9 259442 | |
| 583 | |a last modification |c 20160731 21:25:00 |k Rodrigo Vera | ||
| 490 | 0 | |a Les Grandes Textes Philosophiques, 1018 | |
| 999 | |c 365720 |d 365718 | ||
| 952 | |0 0 |1 0 |3 erb |4 0 |6 573_200000000000000_TEI_1956 |7 0 |8 P |9 479667 |a BIBTEO |b BIBTES |c TEO_FTES |e Familia Cárdenas Lailhacar |i 5317576 |o 573.2 TEI 1956 |p 5317576 |r 2024-01-18 |w 2019-11-24 |y BK |z Catalogado en:20160731 |k ICR | ||